| 000 | 00522nam a22001577a 4500 | ||
|---|---|---|---|
| 003 | macl | ||
| 005 | 20191126132705.0 | ||
| 008 | 191126b xxu||||| |||| 00| 0 eng d | ||
| 040 | _cmacl | ||
| 082 | _a891.433CHA/N | ||
| 100 |
_aचन्द्र ,यादवेन्द्र शर्मा _977288 |
||
| 245 | _aआदमी बैसाखी पर | ||
| 260 |
_aहरियाणा _bगुप्ता प्रकाशन _c2017 |
||
| 650 |
_aउपन्यास _977289 |
||
| 942 |
_2ddc _cHIN |
||
| 999 |
_c61408 _d61408 |
||